000
00307nam a2200109Ia 4500
008
220204s9999 xx 000 0 und d
082
_a
339.5
_b
RAY
100
_a
RAY, Alok
245
0
_a
Trade protection and economic policy: Essays in international economics
260
_a
Delhi
_b
Macmillan
_c
1976
942
_c
BK
999
_c
25111
_d
25111